Music Quiz

Random Music or Song Quiz

☺☺☺☺☺☺☺☺☺☺☺☺ Quiz Stats

 Plays Quiz not verified by Sporcle

Challenge
Share
Tweet
Embed
Score 0/22 Timer 05:00
0 Plays Today
% Correct
Smile
44.5%
God Put A Smile Upon Your Face
42.2%
Can't Smile Without You
38.7%
Smile Like You Mean It
38.7%
Sara Smile
34.7%
U Smile
31.8%
When I See You Smile
27.7%
Jackie Wilson Said (I'm In Heaven When You Smile)
24.9%
Your Smiling Face
23.1%
Secret Smile
21.4%
Just To See You Smile
19.1%
% Correct
I Love Your Smile
18.5%
Make Me Smile
17.9%
Make Me Smile (Come Up And See Me)
16.8%
I'll Never Smile Again
15.6%
Smiling Faces Sometimes
15.6%
Smiley Faces
15%
The Smile Has Left Your Eyes
14.5%
She'll Leave You With A Smile
13.9%
Smile A Little Smile For Me
13.9%
Keep On Smilin'
12.1%
Inner Smile
11.6%

You're not logged in!

Compare scores with friends on all Sporcle quizzes.
Join for Free
OR
Log In

You Might Also Like...

Show Comments

Extras

Curator's Pick Oct 2, 2016ReportNominate
Tags:Artist Quiz, Clickable Quiz, Song Quiz

Top Quizzes Today


Score Distribution

Your Account Isn't Verified!

In order to create a playlist on Sporcle, you need to verify the email address you used during registration. Go to your Sporcle Settings to finish the process.

Report this User

Report this user for behavior that violates our Community Guidelines.

Details: